Beʼer Shevaʻ. (Record no. 32787)

MARC details
000 -LEADER
fixed length control field 00707cam a22002531 4500
001 - CONTROL NUMBER
control field he 67002380
003 - CONTROL NUMBER IDENTIFIER
control field DLC
005 - DATE AND TIME OF LATEST TRANSACTION
control field 20260227111451.0
008 - FIXED-LENGTH DATA ELEMENTS--GENERAL INFORMATION
fixed length control field 830616s1965 is 000 0 heb
010 ## - LIBRARY OF CONGRESS CONTROL NUMBER
LC control number he 67002380
035 ## - SYSTEM CONTROL NUMBER
System control number (OCoLC)19160721
040 ## - CATALOGING SOURCE
Original cataloging agency DLC
Transcribing agency MH
Modifying agency DLC
042 ## - AUTHENTICATION CODE
Authentication code premarc
050 00 - LIBRARY OF CONGRESS CALL NUMBER
Classification number DS110.B35
Item number F3
100 1# - MAIN ENTRY--PERSONAL NAME
Personal name Farkash, E.
245 10 - TITLE STATEMENT
Title Beʼer Shevaʻ.
260 ## - PUBLICATION, DISTRIBUTION, ETC.
Place of publication, distribution, etc. [Tel Aviv] :
Name of publisher, distributor, etc. [Tsel-ʼor],
Date of publication, distribution, etc. [1965]
300 ## - PHYSICAL DESCRIPTION
Extent 107 p. :
Other physical details chiefly ill. ;
Dimensions 12 cm.
500 ## - GENERAL NOTE
General note Added t.p.: Beer-Sheba.
500 ## - GENERAL NOTE
General note Introduction in Hebrew, English, and French.
500 ## - GENERAL NOTE
General note Maps on lining paper.
651 #0 - SUBJECT ADDED ENTRY--GEOGRAPHIC NAME
Geographic name Beersheba (Israel)
Form subdivision Pictorial works.
752 ## - ADDED ENTRY--HIERARCHICAL PLACE NAME
Country or larger entity Israel
City Tel Aviv

No items available.

Powered by Koha